000 01068nam0a22002891 4500
001 rc\3385145
005 20260406095601.0
035 _a(NLR Aleph) 007454585
090 _a7252012
_c7252012
100 _a20130115d1969 u y0rusy50 ca
101 0 _arus
102 _aRU
105 _ay z |||c|
200 1 _aОмской высшей школе милиции - 50 лет
_e(Краткий ист. очерк)
210 _aОмск
_cБ. и.
_d1969
215 _a28 с.
_d20
300 _aНа обл. авт. не указан
333 _aДля служебного пользования. Экз. № 3
532 1 1 _aОмской высшей школе милиции - пятьдесят лет
700 1 _aАлексеев
_bИ. Р.
_gИван Романович
701 1 _7ca
_8rus
_aНиколаев
_bП. Ф.
_cканд. ист. наук
_f1925-
_gПетр Федорович
_3RU\NLR\AUTH\770287986
_92690737
801 0 _aRU
_bNLR
_gpsbo
801 1 _aRU
_bELAR
_2rusmarc
852 _aNLR
_j50К/22174
942 _cBOOK
980 _aNB